000 00375nam a2200133Ia 4500
005 20260326100024.0
008 260326s9999||||xx |||||||||||||| ||und||
100 _aSaldarriaga Roa, Alberto
245 0 _aÁlvaro Barrera :
_b Arquitectura y restauración /
_cAlberto Saldarriaga Roa
260 _bVillegas Editores
300 _a229 p.
650 _aALVARO BARRERA
942 _cBK
999 _c6314
_d6314